书目信息 |
| 题名: |
几年混出头
|
|
| 作者: | 李云冀 编著 | |
| 分册: | ||
| 出版信息: | 北京 中国经济出版社 2005.01 |
|
| 页数: | 246页 | |
| 开本: | 24cm | |
| 丛书名: | 当代青年职场拓展新思维系列丛书 | |
| 单 册: | ||
| 中图分类: | C913.2 | |
| 科图分类: | ||
| 主题词: | 职业选择--基本知识 | |
| 电子资源: | ||
| ISBN: | 7-5017-6185-X | |
| 000 | 00760nam 2200229 450 | |
| 001 | 0149917996 | |
| 005 | 20050506112213.00 | |
| 010 | @a7-5017-6185-X@d25.00CNY | |
| 100 | @a20050311d2005 km y0chiy0120 ea | |
| 101 | 0 | @achi |
| 102 | @aCN@b110000 | |
| 105 | @ay z 000yy | |
| 200 | 1 | @a几年混出头@Aji nian hun chu tou@f李云冀编著@Fli yun ji bian zhu |
| 210 | @a北京@c中国经济出版社@d2005.01 | |
| 215 | @a246页@d24cm | |
| 225 | 2 | @a当代青年职场拓展新思维系列丛书 |
| 330 | @a本书内容包括:"把自己推销出去"、"步入职场,面临的是全新的生活"、"适应新生活,从调整心态开始"、"顺利完成从学校到工作的转变"。 | |
| 606 | 0 | @a职业选择@x基本知识 |
| 690 | @aC913.2@v4 | |
| 701 | 0 | @a李云冀@Ali yun ji@4编著 |
| 801 | 0 | @aCN@bQSSK@c20050506 |
| 905 | @a10447@dC913.2@eL322 | |
| 几年混出头/李云冀编著.-北京:中国经济出版社,2005.01 |
| 246页;24cm.-(当代青年职场拓展新思维系列丛书) |
| ISBN 7-5017-6185-X:25.00CNY |
| 本书内容包括:"把自己推销出去"、"步入职场,面临的是全新的生活"、"适应新生活,从调整心态开始"、"顺利完成从学校到工作的转变"。 |
| ● |
| 相关链接 |
|
|
|
正题名:几年混出头
索取号:C913.2/L322
 
预约/预借
| 序号 | 登录号 | 条形码 | 馆藏地/架位号 | 状态 | 备注 |
| 1 | 499147 | 204991474 | 社科库509/509社科库 61排6列4层/ [索取号:C913.2/L322] | 在馆 | |
| 2 | 499148 | 204991483 | 社科库509/509社科库 61排6列4层/ [索取号:C913.2/L322] | 在馆 | |
| 3 | 499149 | 204991492 | 社科库509/509社科库 61排6列4层/ [索取号:C913.2/L322] | 在馆 |